2024.10.15, Polska - Chorwacja - składy - Statystyki

Ogólne statystyki
  • Ten quiz został rozwiązany 67 razy
  • Średni wynik to 19 z 33
Statystyki odpowiedzi
Kraj Pozycja Piłkarz % Poprawnych
Polska Napastnik (r) Robert Lewandowski
94%
Polska Bramkarz Marcin Bułka
92%
Polska Pomocnik Piotr Zieliński
92%
Polska Obrońca Jan Bednarek
91%
Polska Pomocnik Nicola Zalewski
91%
Polska Napastnik Karol Świderski
89%
Chorwacja Pomocnik Luka Modrić
89%
Polska Trener Michał Probierz
88%
Polska Pomocnik Sebastian Szymański
83%
Polska Obrońca Paweł Dawidowicz
77%
Polska Obrońca Jakub Kiwior
75%
Polska Pomocnik Jakub Moder
73%
Polska Pomocnik Kacper Urbański
73%
Polska Obrońca (r) Kamil Piątkowski
70%
Polska Pomocnik Jakub Kamiński
69%
Chorwacja Bramkarz Dominik Livaković
64%
Chorwacja Obrońca Josko Gvardiol
63%
Polska Pomocnik (r) Maxi Oyedele
63%
Chorwacja Napastnik Andrej Kramarić
53%
Polska Pomocnik (r) Michael Ameyaw
52%
Chorwacja Pomocnik Ivan Perisić
50%
Chorwacja Pomocnik Borna Sosa
45%
Polska Pomocnik (r) Bartosz Kapustka
42%
Chorwacja Trener Zlatko Dalić
42%
Chorwacja Pomocnik (r) Luka Sucić
39%
Chorwacja Pomocnik Petar Sucić
39%
Chorwacja Napastnik (r) Ante Budimir
30%
Chorwacja Obrońca Josip Sutalo
28%
Chorwacja Napastnik Igor Matanović
27%
Chorwacja Napastnik Martin Baturina
19%
Chorwacja Pomocnik (r) Mario Pasalić
16%
Chorwacja Bramkarz (r) Nediljko Labrović
13%
Chorwacja Obrońca Martin Erlić
11%
Nie znaleziono quizów pasujących do podanych kryteriów
Rozkład punktacji
Procent ludzi z każdym wynikiem
Percentyl według liczby udzielonych odpowiedzi
Twoja historia wyników
Nie rozwiązałeś tego quizu